000 00748cam a2200253I 4500
001 4739713
003 ARRUPE
005 20160122122701.0
008 810601s1897 enkbc 000 0 eng
010 _a04017683
035 _a(OCoLC)ocm07465452
035 _a(NNC)4739713
040 _aDLC
_cZYU
_dOCL
050 0 _aSPC DT657
_b.H66
098 _aJh
100 1 _aHinde, Sidney Langford,
_d1863-1930.
_921744
245 1 4 _aThe fall of the Congo Arabs,
_cby Sidney Langford Hinde
260 _aLondon,
_bMethuen & co.,
_c1897.
300 _aviii, 308 p.;
_bfront., ports., maps (part fold.)
_c23 cm.
650 0 _aSlave trade.
_921745
651 0 _aCongo (Democratic Republic)
_xHistory.
_914623
942 _2lcc
_cMONOGRAPH
999 _c124017
_d124017